000 00581cab a2200181 4500
001 WB2301-37
008 090401t1986 xxu||||| |||| 00| 0 eng d
035 _a(Sirsi) u69238
041 _aeng
245 _aHousing market: November
260 _c1986
350 _a0
490 _aRICS News Service
_vPR37/86-87 18 December 1986 10 pages
520 _aThe RICS Housing market survey for the three months to November 1986 indicates that prices have remained static.
690 _aPROPERTY-RESIDENTIAL PROPERTY-RESIDENTIAL PROPERTY MARKET
942 _n0
948 _c04/03/1997
999 _c43488
_d43488